000
00317nam a2200181Ia 4500
100
_a
Kanetkar/Yashavant
650
_a
C
250
_a
15
942
_c
BK
366
_f
25
654
_a
C
245
_a
Let us C
260
_b
BPB
_c
2017
082
_b
KAN
300
_a
630
546
_a
ENGLISH
999
_c
25915
_d
25915